Normal view MARC view
  • Gaos, José,

Entry Nombre Personal

Number of records used in: 2

001 - NUMERO DE CONTROL

  • campo de control: 40473

003 - IDENTIFICADOR DE NUMERO DE CONTROL

  • campo de control: DLC

005 - FECHA Y HORA DE LA ÜLTIMA TRANSACCIÓN

  • campo de control: 20231129100857.0

008 - DATOS DE LONGITUD FIJA

  • campo de control de longitud fija: 810817n| azannaabn |a aaa

010 ## - NÚMERO DE CONTROL DE LA BIBLIOTECA DEL CONGRESO

  • Número de control LC: n 81038957
  • Número de Control LC Cancelado/inválido: n 00031424

035 ## - NUMERO DE CONTROL

  • Número de control: (OCoLC)oca00584568

040 ## - FUENTE DE CATALOGACIÓN

  • Agencia original de catalogación: DLC
  • Lenguaje de catalogación: spa
  • Description conventions: rda
  • Agencia de transcripción: DLC
  • Agencia que lo modifica: OCoL
  • Agencia que lo modifica: DLC
  • Agencia que lo modifica: UPB
  • Agencia que lo modifica: MX-MxUPN

046 ## - FECHAS CON CODIFICACIÓN ESPECIAL

  • Fecha de nacimiento: 19001226
  • Fecha de muerte: 19690610

100 1# - ENCABEZAMIENTO - NOMBRE PERSONAL

  • Nombre personal: Gaos, José,
  • Fechas asociadas con el nombre: 1900-1969

370 ## - LUGAR ASOCIADO

  • Place of birth: Gijón, España
  • Place of death: México

374 ## - OCUPACIÓN

  • Occupation: Filósofo
  • Occupation: Traductor
  • Occupation: Profesor universitario

377 ## - LENGUA ASOCIADA

  • Language code: spa

400 1# - VEÁSE - NOMBRE DE PERSONA

  • Personal name: Gaos y González Pola, José,
  • Dates associated with a name: 1900-1969

670 ## - FUENTE EN LA QUE SE LOCALIZARON DATOS

  • Cita de la fuente: Escritores místicos españoles, 1999:
  • Información localizada: portada (José Gaos)

670 ## - FUENTE EN LA QUE SE LOCALIZARON DATOS

  • Cita de la fuente: Fundación Pablo Iglesias, Web site, Dec. 15, 2005
  • Información localizada: web page on Biografías de figuras representativas del exilio Republicano Español (José Gaos y González Pola; b. Gijón (Asturias) 1900 - d. México 1969; writer, philosopher; dean of the faculty of philosophy, Universidad de Madrid 1936-38; exiled to Mexico in 1938; held various visiting professorships at universities in Mexico, Puerto Rico, etc. )

670 ## - FUENTE EN LA QUE SE LOCALIZARON DATOS

  • Cita de la fuente: Wikipedia, via WWW, Apr. 4, 2013
  • Información localizada: (José Gaos; nació el 26 de diciembre de 1900 en Gijón, Epsña; murió el 10 de junio de 1969 en México; silósofo; fue maestro de filosofía en la Universidad Nacional Autónoma de México; tradujo obras de Heidegger, Dewey, Kierkegaard, Hegel Scheler, Kant, Fichte y Husserl al español)

670 ## - FUENTE EN LA QUE SE LOCALIZARON DATOS

  • Cita de la fuente: La experiencia y la naturaleza, 1948:
  • Información localizada: portada (prólogo y traducción de José Gaos)

902 ## - CATALOGADOR

  • Catalogador: Víctor Ruiz/291123